000 00606nam a2200229 a 4500
999 _c4657
_d4657
001 4657
003 BD-JhCC
005 20171203185004.0
008 171129s1984 as a|||| ||a| 00| 0 eng d
020 _a0673203182
035 _a(BD-JhCC)4657
040 _aBD-JhCC
_dBD-JhCC
041 _aeng
082 _a428.1
_bSPE 1984
245 _aSpelling :
_bWords and skills /
_cLinda ward Beech...[ et. all. ].
260 _aillinois :
_bScott, Foresman and Company,
_c1984.
300 _a176 p. :
_bills;
_c23 cm.
650 _aSpelling
700 _aBeech, Linda ward
942 _2ddc
_cBK